书目信息 |
| 题名: |
胸部Χ线论断基础
|
|
| 作者: | 谢宝玙 编 | |
| 分册: | ||
| 出版信息: | 北京 人民卫生出版社 1973 |
|
| 页数: | 276页 | |
| 开本: | 19cm | |
| 丛书名: | ||
| 单 册: | ||
| 中图分类: | R816.4 | |
| 科图分类: | ||
| 主题词: | 胸腔疾病--X射线诊断 | |
| 电子资源: | ||
| ISBN: | 14048.3298 | |
| 000 | 00671cam0 2200241 450 | |
| 001 | 0105512338 | |
| 005 | 20071203142327.0 | |
| 010 | @a14048.3298@dCNY1.10 | |
| 091 | @a14048.3298@dCNY1.10 | |
| 100 | @a19960207d1973 em y0chiy0120 ea | |
| 101 | 0 | @achi |
| 102 | @aCN@b110000 | |
| 105 | @afk z 000yy | |
| 106 | @ar | |
| 200 | 1 | @a胸部Χ线论断基础@9Xiong Bu Χ Xian Lun Duan Ji Chu @f谢宝玙编@b专著 |
| 210 | @a北京@c人民卫生出版社@d1973 | |
| 215 | @a276页@c图表@d19cm | |
| 606 | 0 | @a胸腔疾病@xX射线诊断 |
| 690 | @aR816.4@v3 | |
| 701 | 0 | @a谢宝玙@9xie bao yu@4编 |
| 801 | 0 | @aCN@b广东省中山图书馆 |
| 801 | 2 | @aCN@bAiZhiMarc |
| 905 | @aBZT@dR816.4@e1@f5@sR816.4/1 | |
| 胸部Χ线论断基础/谢宝玙编.-北京:人民卫生出版社,1973 |
| 276页:图表;19cm |
| ISBN 14048.3298:CNY1.10 |
| ● |
| 相关链接 |
|
|
|
正题名:胸部Χ线论断基础
索取号:R816.4/1
 
预约/预借
| 序号 | 登录号 | 条形码 | 馆藏地/架位号 | 状态 | 备注 |
| 1 | 2000042055 | 2000042055 | 旧书回溯/ [索取号:R816.4/1] | 在馆 | |
| 2 | 2000042056 | 2000042056 | 旧书回溯/ [索取号:R816.4/1] | 在馆 | |
| 3 | 2000042057 | 2000042057 | 旧书回溯/ [索取号:R816.4/1] | 在馆 | |
| 4 | 2000042527 | 2000042527 | 旧书回溯/ [索取号:R816.4/1] | 在馆 | |
| 5 | 2000042528 | 2000042528 | 旧书回溯/ [索取号:R816.4/1] | 在馆 |